Cognomi più diffusi in Sicilia - Statistics

Statistiche generali
  • Questo quiz è stato fatto 54 volte
  • Il punteggio medio è 2 su 10
Statistiche sulle risposte
Cognome % Corretto
Russo
78%
Caruso
36%
Messina
36%
Greco
20%
Rizzo
18%
Lombardo
16%
Marino
16%
Romano
16%
Grasso
7%
Di Stefano
4%
Nessun quiz corrispondente trovato
Distribuzione punteggi
Percentuale di utenti per punteggio
Percentile per numero di risposta
I tuoi punteggi nel tempo
Non hai fatto questo quiz